00696nam a22001457a 4500008004100000020001800041050001500059100001800074245012200092260005300214300002500267500002000292505021700312700002100529120625t xxu||||| |||| 00| 0 eng d a9780435991128 aPE1408.L96 aLutrin, Beryl aEnglish handbook and study guide: a comprehensive english language reference book./cBeryl Lutrin and Marcelle Pincus aOxford:bHeineman Educational publishers,c2004. a158 p.:bill.;c26cm aIncludes index. aContents: Language -- Comprehension/ analysing skills -- The World of reading -- The Writing process -- Literature -- Visual literacy analysis -- Oral communication -- Spelling -- Vocabulary -- What do you know.  aPincus, Marcelle